000 00449cam a2200169ua 4500
020 _a81-7656-031-6
_c480.00
041 _aeng
_h
082 _a005.133
_bPET/MA
100 _aPetroutsos, Evangelos .
245 _aMastering visual basic 6 /
_cEvangelos Petroutsos.
_hTextual Documents
260 _aNew Delhi :
_bB P B Publishers ,
_c2005.
300 _a1285 ; .
365 _a480.00
504 _a
942 _cBK
999 _c12845
_d12845